[Event "Olympiade"]
[Site "Quebec CAN"]
[Date "2018.11.14"]
[Round "1"]
[White "Cossette, Daniel"]
[Black "Potvin, Alain-Nicolas"]
[Result "1-0"]
[WhiteElo "2033"]
[BlackElo "1719"]
[PlyCount "59"]
[EventDate "2018.11.14"]
[EventType "team"]
[EventRounds "5"]
[EventCountry "CAN"]

1. e4 g6 2. d4 Bg7 3. Nc3 d6 4. Nf3 a6 5. a4 b6 6. Be3 Bb7 7. Bd3 Nd7 8. Qd2 e6
9. Rb1 h6 10. b4 Ne7 11. h4 f5 12. Bf4 Nf6 13. exf5 exf5 14. Bc4 Ne4 15. Nxe4
fxe4 16. Nh2 Nf5 17. c3 Nxh4 18. f3 Qe7 19. O-O g5 20. Bg3 Nf5 21. Bf2 O-O-O
22. Rbe1 d5 23. Bb3 Rhe8 24. fxe4 dxe4 25. Be3 Ng3 26. Rf7 Qe5 27. dxe5 Rxd2
28. Bxd2 Bxe5 29. Ng4 Bf4 30. Bxf4 1-0

[Event "Olympiade"]
[Site "Quebec CAN"]
[Date "2018.11.14"]
[Round "1"]
[White "Laprade, Jean jr"]
[Black "Marquis, Paul"]
[Result "0-1"]
[WhiteElo "1634"]
[BlackElo "1924"]
[PlyCount "62"]
[EventDate "2018.11.14"]
[EventType "team"]
[EventRounds "5"]
[EventCountry "CAN"]

1. e4 d6 2. d4 Nf6 3. Nc3 g6 4. f4 Bg7 5. Nf3 c5 6. dxc5 Qa5 7. Bd2 Qxc5 8. Bd3
Bg4 9. h3 Bxf3 10. Qxf3 Nc6 11. Be3 Qa5 12. Bd2 Qb6 13. Bb5 O-O 14. Bxc6 bxc6
15. Qd3 Nd7 16. a4 Nc5 17. Qe3 Qxb2 18. Rc1 Qa3 19. O-O Bxc3 20. Bxc3 Nxe4 21.
Qxe4 Qxc3 22. Rf3 Qc5+ 23. Kh2 d5 24. Qe5 Rab8 25. h4 Rb4 26. Qe1 Re4 27. Qd2
Qc4 28. Kg3 e5 29. Rcf1 Re2 30. Qd3 exf4+ 31. Rxf4 Qxd3+ 0-1

[Event "Olympiade"]
[Site "Quebec CAN"]
[Date "2018.11.21"]
[Round "2"]
[White "Bernatchez, Dan"]
[Black "Beauchesne, Jonathan"]
[Result "1-0"]
[WhiteElo "1975"]
[BlackElo "1812"]
[PlyCount "57"]
[EventDate "2018.11.14"]
[EventType "team"]
[EventRounds "5"]
[EventCountry "CAN"]

1. d4 Nf6 2. c4 g6 3. g3 Bg7 4. Bg2 O-O 5. Nc3 d6 6. Nf3 c5 7. O-O Nbd7 8. e4
Qb6 9. Re1 Qb4 10. e5 dxe5 11. dxe5 Ng4 12. Nd5 Qa5 13. Nxe7+ Kh8 14. Nxc8
Raxc8 15. Qxd7 Nxe5 16. Bd2 Nxf3+ 17. Bxf3 Rcd8 18. Bxa5 Rxd7 19. Rad1 Bd4 20.
Bc3 Rfd8 21. Bxd4+ cxd4 22. Bd5 b5 23. b3 bxc4 24. bxc4 Rb8 25. Rxd4 Rb2 26. c5
Rc7 27. c6 Kg7 28. a3 Rb6 29. Rb4 1-0

[Event "Olympiade"]
[Site "Quebec CAN"]
[Date "2018.11.21"]
[Round "2"]
[White "Marquis, Paul"]
[Black "Cossette, Daniel"]
[Result "1/2-1/2"]
[WhiteElo "1924"]
[BlackElo "2033"]
[PlyCount "52"]
[EventDate "2018.11.14"]
[EventType "team"]
[EventRounds "5"]
[EventCountry "CAN"]

1. e4 c5 2. Nc3 Nc6 3. g3 g6 4. Bg2 Bg7 5. f4 d6 6. Nf3 Rb8 7. a4 Nd4 8. O-O
Bg4 9. Nd5 e6 10. Ne3 Bxf3 11. Bxf3 Nxf3+ 12. Qxf3 Ne7 13. f5 exf5 14. exf5
Nxf5 15. Nxf5 gxf5 16. Re1+ Kf8 17. Qxf5 Qf6 18. Qxf6 Bxf6 19. Ra3 Kg7 20. Kg2
Rbe8 21. Rae3 Rxe3 22. Rxe3 Rd8 23. d3 d5 24. b3 Rd6 25. Re2 Kg6 26. Bf4 Rd7
1/2-1/2

[Event "Olympiade"]
[Site "Quebec CAN"]
[Date "2018.11.28"]
[Round "3"]
[White "Beauchesne, Jonathan"]
[Black "Marquis, Paul"]
[Result "0-1"]
[WhiteElo "1812"]
[BlackElo "1924"]
[PlyCount "92"]
[EventDate "2018.11.14"]
[EventType "team"]
[EventRounds "5"]
[EventCountry "CAN"]

1. e4 g6 2. d4 d6 3. Nc3 c6 4. Nf3 Nf6 5. Be2 b5 6. a3 Bg7 7. O-O O-O 8. h3
Nbd7 9. Be3 Bb7 10. Qd2 Qc7 11. Bh6 a6 12. Bxg7 Kxg7 13. Rfe1 e5 14. dxe5 Nxe5
15. Nxe5 dxe5 16. Red1 Rfd8 17. Qe3 c5 18. Rxd8 Rxd8 19. f3 Rd4 20. Rd1 Qd6 21.
Qc1 b4 22. axb4 cxb4 23. Nb1 Nh5 24. c3 Nf4 25. Kf2 Rxd1 26. Qxd1 Qb6+ 27. Kf1
bxc3 28. bxc3 Qb2 29. Nd2 Qxc3 30. Nc4 Nxe2 31. Qxe2 a5 32. Nb6 a4 33. Nxa4
Qa1+ 34. Kf2 Qxa4 35. Kg3 Ba6 36. Qb2 Qd4 37. Qa2 Bf1 38. Qc2 Qg1 39. Qb2 Qxg2+
40. Qxg2 Bxg2 41. Kxg2 Kh6 42. Kg3 Kg5 43. h4+ Kh5 44. Kh3 g5 45. hxg5 Kxg5 46.
Kg3 h5 0-1

[Event "Olympiade"]
[Site "Quebec CAN"]
[Date "2018.11.28"]
[Round "3"]
[White "Cossette, Daniel"]
[Black "Bernatchez, Dan"]
[Result "0-1"]
[WhiteElo "2033"]
[BlackElo "1975"]
[PlyCount "114"]
[EventDate "2018.11.14"]
[EventType "team"]
[EventRounds "5"]
[EventCountry "CAN"]

1. e4 c6 2. d4 d5 3. exd5 cxd5 4. c4 Nf6 5. Nc3 g6 6. Qb3 Bg7 7. cxd5 O-O 8.
Be2 Nbd7 9. Bf3 Nb6 10. Bf4 Re8 11. Nge2 Bg4 12. Bxg4 Nxg4 13. O-O Qd7 14. Rfe1
Nf6 15. d6 exd6 16. Nb5 Nh5 17. Bd2 d5 18. a4 a6 19. Nbc3 Nc4 20. Rad1 Re6 21.
Qc2 Rae8 22. b3 Nxd2 23. Qxd2 Bf8 24. Na2 Bd6 25. Ng3 Nf4 26. Rxe6 Qxe6 27. Nb4
h5 28. Nc2 h4 29. Re1 Qc8 30. Rxe8+ Qxe8 31. Nf1 h3 32. Nce3 Qe4 33. f3 Qxd4
34. Qxd4 Ne2+ 35. Kf2 Nxd4 36. gxh3 Nxb3 37. Nxd5 Nc5 38. Nf6+ Kf8 39. Ne4
Nxe4+ 40. fxe4 b5 41. axb5 axb5 42. Ke3 Be5 43. Kd3 Ke7 44. Ne3 Kd6 45. Ng4 f6
46. h4 Kc5 47. h3 b4 48. Kc2 Kc4 49. h5 gxh5 50. Ne3+ Kd4 51. Nf5+ Kxe4 52. Ng7
h4 53. Kb3 f5 54. Nxf5 Kxf5 55. Kxb4 Kf4 56. Kc4 Kg3 57. Kd5 Kxh3 0-1

[Event "Olympiade"]
[Site "Quebec CAN"]
[Date "2018.11.28"]
[Round "3"]
[White "Pouliot, Lewis"]
[Black "Laprade, Jean jr"]
[Result "0-1"]
[WhiteElo "1459"]
[BlackElo "1634"]
[PlyCount "78"]
[EventDate "2018.11.14"]
[EventType "team"]
[EventRounds "5"]
[EventCountry "CAN"]

1. Nf3 d5 2. g3 c6 3. Bg2 Bg4 4. d4 Nf6 5. O-O h6 6. a3 Nbd7 7. b4 a6 8. Bb2 e6
9. Nbd2 Be7 10. c4 O-O 11. Qb3 b5 12. c5 Bf5 13. Nh4 Bh7 14. Nhf3 Qc7 15. Ne5
Ne8 16. a4 Nef6 17. axb5 axb5 18. f3 Rfb8 19. Rxa8 Rxa8 20. e4 Nxe5 21. dxe5
Nd7 22. f4 Ra4 23. Ra1 Rxa1+ 24. Bxa1 Qa7 25. Bd4 Nb8 26. exd5 exd5 27. Qb2 Qa4
28. h3 Na6 29. Bc3 Nc7 30. Nb3 Ne6 31. Na5 Qd1+ 32. Kh2 d4 33. Bd2 Bf8 34. Nxc6
d3 35. Qc3 Qc2 36. Kg1 Qd1+ 37. Bf1 Be4 38. Nd4 Nxd4 39. Qxd4 Qf3 0-1

[Event "Olympiade"]
[Site "Quebec CAN"]
[Date "2018.12.05"]
[Round "4"]
[White "Laprade, Jean jr"]
[Black "Beauchesne, Jonathan"]
[Result "0-1"]
[WhiteElo "1634"]
[BlackElo "1812"]
[PlyCount "110"]
[EventDate "2018.11.14"]
[EventType "team"]
[EventRounds "5"]
[EventCountry "CAN"]

1. e4 c5 2. Nf3 a6 3. d4 cxd4 4. Nxd4 Nf6 5. Nc3 d6 6. Bg5 e6 7. Be2 Be7 8. O-O
O-O 9. f4 h6 10. Bh4 Nc6 11. Nb3 Qc7 12. Bf2 b5 13. a3 Bb7 14. Bf3 Rac8 15. Rc1
Rfd8 16. Qe2 Nd7 17. Qe3 Na5 18. Nxa5 Qxa5 19. Ne2 Rc4 20. g4 d5 21. exd5 Bc5
22. Qd3 Bxf2+ 23. Rxf2 Nf6 24. b3 Rc7 25. d6 Rcd7 26. Bxb7 Rxb7 27. g5 hxg5 28.
fxg5 Ne8 29. g6 Rxd6 30. gxf7+ Rxf7 31. Qe3 Qxa3 32. Rxf7 Kxf7 33. Qa7+ Kg8 34.
Rf1 Nf6 35. Qa8+ Kh7 36. Rf3 Qc5+ 37. Kg2 Qc6 38. Qxc6 Rxc6 39. Nd4 Rd6 40. Rd3
Nd5 41. Nxe6 Rxe6 42. Rxd5 Re2+ 43. Kg3 Rxc2 44. b4 Rc4 45. Rd6 Rxb4 46. Rxa6
Rb1 47. Rb6 b4 48. Kf3 g6 49. h4 b3 50. Ke2 Kh6 51. Rb5 b2 52. Kd2 Rh1 53. Rxb2
Rh2+ 54. Kc1 Rxb2 55. Kxb2 Kh5 0-1

[Event "Olympiade"]
[Site "Quebec CAN"]
[Date "2018.12.05"]
[Round "4"]
[White "Marquis, Paul"]
[Black "Bernatchez, Dan"]
[Result "1-0"]
[WhiteElo "1924"]
[BlackElo "1975"]
[PlyCount "63"]
[EventDate "2018.11.14"]
[EventType "team"]
[EventRounds "5"]
[EventCountry "CAN"]

1. c4 e5 2. Nc3 Nf6 3. Nf3 Nc6 4. d4 exd4 5. Nxd4 Bc5 6. e3 O-O 7. Be2 Re8 8.
O-O a6 9. a3 d6 10. b4 Ba7 11. Nxc6 bxc6 12. Bf3 Bb7 13. Qd3 Nd7 14. Bb2 Ne5
15. Qe2 Nxf3+ 16. Qxf3 Re6 17. Ne2 Qh4 18. Rac1 Rae8 19. c5 a5 20. Qg3 Qxg3 21.
Nxg3 Rb8 22. Rfd1 d5 23. Bd4 Ba6 24. Rb1 Ree8 25. bxa5 Rb5 26. Rxb5 cxb5 27. c6
Bxd4 28. Rxd4 Re5 29. Ne2 b4 30. Rxb4 Kf8 31. Nd4 Ke7 32. Rb8 1-0

[Event "Olympiade"]
[Site "Quebec CAN"]
[Date "2018.12.05"]
[Round "4"]
[White "Pouliot, Lewis"]
[Black "Cossette, Daniel"]
[Result "0-1"]
[WhiteElo "1459"]
[BlackElo "2033"]
[PlyCount "40"]
[EventDate "2018.11.14"]
[EventType "team"]
[EventRounds "5"]
[EventCountry "CAN"]

1. Nf3 d5 2. d4 e6 3. Bg5 Be7 4. Bxe7 Qxe7 5. e3 Qb4+ 6. Nbd2 Qxb2 7. Bd3 Nf6
8. O-O O-O 9. Nb3 Qa3 10. Nfd2 Nbd7 11. f4 Qd6 12. g4 Rd8 13. g5 Ne8 14. h4 c5
15. dxc5 Nxc5 16. Nxc5 Qxc5 17. Qe2 f5 18. gxf6 Nxf6 19. h5 d4 20. Ne4 Nxe4 0-1

[Event "Olympiade"]
[Site "Quebec CAN"]
[Date "2018.12.12"]
[Round "5"]
[White "Cossette, Daniel"]
[Black "Beauchesne, Jonathan"]
[Result "1-0"]
[WhiteElo "2033"]
[BlackElo "1812"]
[PlyCount "85"]
[EventDate "2018.11.14"]
[EventType "team"]
[EventRounds "5"]
[EventCountry "CAN"]

1. e4 c5 2. Nc3 d6 3. d4 cxd4 4. Qxd4 Nc6 5. Qd2 Nf6 6. b3 g6 7. Bb2 Bg7 8.
O-O-O O-O 9. f3 Bd7 10. g4 Rc8 11. h4 Bxg4 12. fxg4 Nxg4 13. Nf3 Nb4 14. Kb1
Qc7 15. Bc4 h5 16. Nd5 Nxd5 17. Bxg7 Kxg7 18. exd5 a6 19. Qd4+ Kg8 20. Ng5 Qc5
21. Qxc5 Rxc5 22. Rde1 Ne5 23. Ne4 Rc7 24. Be2 b5 25. Rc1 Rb8 26. Nd2 Rc3 27.
Kb2 Rbc8 28. Nc4 Rg3 29. Nxe5 dxe5 30. c4 Rg2 31. Rc2 f5 32. c5 e4 33. Rf1 Kf7
34. c6 Rc7 35. a4 bxa4 36. d6 Rxc6 37. d7 Rd6 38. Bc4+ Kf6 39. Rxg2 axb3 40.
Rfg1 Rxd7 41. Rxg6+ Ke5 42. Re6+ Kf4 43. Rf1+ 1-0

[Event "Olympiade"]
[Site "Quebec CAN"]
[Date "2018.12.12"]
[Round "5"]
[White "Marquis, Paul"]
[Black "Pouliot, Lewis"]
[Result "1-0"]
[WhiteElo "1924"]
[BlackElo "1459"]
[PlyCount "63"]
[EventDate "2018.11.14"]
[EventType "team"]
[EventRounds "5"]
[EventCountry "CAN"]

1. c4 Nf6 2. Nc3 e6 3. e4 d6 4. d4 c6 5. Nf3 d5 6. e5 Nfd7 7. cxd5 exd5 8. Bd3
Be7 9. Qc2 Nf8 10. h3 Be6 11. Ne2 Nbd7 12. Bd2 c5 13. Nf4 cxd4 14. Nxe6 fxe6
15. Rc1 Bc5 16. b4 Bb6 17. O-O a5 18. a3 axb4 19. axb4 Qe7 20. Rfe1 h6 21. Qb2
Qf7 22. Qb1 g5 23. Rc2 Ng6 24. Rc8+ Ke7 25. Rxa8 Rxa8 26. Bxg6 Qg7 27. Bh5 Ra3
28. b5 Rxf3 29. Bb4+ Kd8 30. Bxf3 Nxe5 31. Qa1 Nxf3+ 32. gxf3 1-0

[Event "Olympiade"]
[Site "Quebec CAN"]
[Date "2018.12.12"]
[Round "5"]
[White "Potvin, Alain-Nicolas"]
[Black "Laprade, Jean jr"]
[Result "0-1"]
[WhiteElo "1719"]
[BlackElo "1634"]
[PlyCount "66"]
[EventDate "2018.11.14"]
[EventType "team"]
[EventRounds "5"]
[EventCountry "CAN"]

1. d4 Nf6 2. Nf3 d5 3. Nbd2 e6 4. e3 Be7 5. Bd3 O-O 6. O-O c5 7. b3 Nc6 8. Bb2
Bd7 9. a3 a6 10. Ne5 Nxe5 11. dxe5 Ne8 12. f4 g6 13. Rf3 Ng7 14. Rh3 b5 15. c4
Rb8 16. Qc2 Qc7 17. Rf1 Rfc8 18. g4 bxc4 19. bxc4 Rb6 20. Bc3 Qb7 21. f5 exf5
22. gxf5 Nxf5 23. Bxf5 gxf5 24. Nf3 Rg6+ 25. Kf2 dxc4 26. Rb1 Qc6 27. Rg3 Rxg3
28. hxg3 Be6 29. a4 Rd8 30. a5 Rd3 31. Rb6 Qe4 32. Bd2 c3 33. Bc1 Rd2+ 0-1

[Event "Ontario-ch U20"]
[Site "Mississauga CAN"]
[Date "2018.01.27"]
[Round "1.1"]
[White "Hua, Eugene"]
[Black "Papneja, Arul"]
[Result "1-0"]
[WhiteElo "2399"]
[BlackElo "1920"]
[PlyCount "35"]
[EventDate "2018.01.27"]
[EventType "swiss"]
[EventRounds "5"]
[EventCountry "CAN"]

1. e4 c5 2. Nf3 d6 3. d4 Nf6 4. Nc3 cxd4 5. Qxd4 a6 6. Bg5 Nbd7 7. O-O-O e6 8.
e5 dxe5 9. Nxe5 Qa5 10. Bxf6 Nxf6 11. Nc4 Qc7 12. Nb6 Rb8 13. Nb5 Qe7 14. Qe5
Nd5 15. Nxd5 exd5 16. Qxb8 Qc5 17. Nc7+ Ke7 18. Qxc8 1-0

[Event "Ontario-ch U20"]
[Site "Mississauga CAN"]
[Date "2018.01.27"]
[Round "1.3"]
[White "Li, William"]
[Black "Washimkar, Arhant"]
[Result "1-0"]
[WhiteElo "2226"]
[BlackElo "1899"]
[PlyCount "119"]
[EventDate "2018.01.27"]
[EventType "swiss"]
[EventRounds "5"]
[EventCountry "CAN"]

1. e4 c5 2. Nf3 Nc6 3. Bb5 g6 4. O-O Bg7 5. Re1 Nf6 6. e5 Nd5 7. Nc3 Nxc3 8.
dxc3 Qb6 9. Bc4 O-O 10. Rb1 a6 11. Bf4 Qc7 12. Qd2 e6 13. a4 Rb8 14. Bf1 b5 15.
axb5 axb5 16. b4 c4 17. Bg3 Bb7 18. Rbd1 Ne7 19. Nd4 Bc6 20. h4 h5 21. Bh2 Kh7
22. g4 Rg8 23. g5 Bd5 24. Ra1 Nc6 25. f4 Nxd4 26. Qxd4 Qb6 27. Qxb6 Rxb6 28.
Bg2 Bxg2 29. Kxg2 d5 30. Ra7 Rgb8 31. Rea1 R6b7 32. Rxb7 Rxb7 33. Ra8 d4 34.
cxd4 Rd7 35. c3 Rd5 36. Rb8 Bh8 37. Kf3 Bg7 38. Ke4 Bh8 39. Bg3 Bg7 40. Be1 Bh8
41. Bd2 Bg7 42. Bc1 Bh8 43. Bb2 Bg7 44. Ke3 Bh8 45. Kd2 Bg7 46. Rc8 Rd7 47. Ke2
Ra7 48. Bc1 Ra1 49. Bd2 Rh1 50. Be1 Rh2+ 51. Kd1 Rh3 52. Rb8 Rf3 53. Rxb5 Rxf4
54. Rb8 Rg4 55. Kc2 Rg2+ 56. Bd2 Rh2 57. b5 Rxh4 58. b6 Rh1 59. b7 Ra1 60. Ra8
1-0

[Event "Ontario-ch U20"]
[Site "Mississauga CAN"]
[Date "2018.01.27"]
[Round "1.4"]
[White "Liao, Joseph"]
[Black "Wang, Constance"]
[Result "1/2-1/2"]
[WhiteElo "1888"]
[BlackElo "2071"]
[PlyCount "141"]
[EventDate "2018.01.27"]
[EventType "swiss"]
[EventRounds "5"]
[EventCountry "CAN"]

1. e4 c5 2. d4 cxd4 3. c3 Nf6 4. e5 Nd5 5. cxd4 d6 6. Nf3 Nc6 7. Bc4 Nb6 8. Bb5
dxe5 9. Nxe5 Bd7 10. Nxd7 Qxd7 11. Nc3 e6 12. O-O Be7 13. Qg4 Bf6 14. Be3 Rd8
15. Rfd1 Nd5 16. Ne4 a6 17. Bxc6 Qxc6 18. Nxf6+ Nxf6 19. Qg3 Qe4 20. Bg5 Qg6
21. Qh4 Rd5 22. Bxf6 Qxf6 23. Qxf6 gxf6 24. Rac1 Kd7 25. Rc5 Kd6 26. Rc3 Rd8
27. Kf1 Ke7 28. Rc7+ R8d7 29. Rxd7+ Kxd7 30. Ke2 Ra5 31. a3 Rb5 32. b4 a5 33.
bxa5 Rxa5 34. Rb1 Kc6 35. Rb3 Ra4 36. Kd3 b6 37. Kc3 f5 38. f4 Kd5 39. Rxb6
Rxa3+ 40. Kb2 Rd3 41. Rb7 Rxd4 42. Rxf7 Rxf4 43. Rxh7 Rf2+ 44. Kc3 Rxg2 45. Kd3
e5 46. h4 Rg3+ 47. Ke2 Ke4 48. h5 f4 49. h6 Rg2+ 50. Kf1 Rh2 51. Rh8 Kf5 52. h7
Ke4 53. Kg1 Rh4 54. Kf2 Rh5 55. Ke2 Rh2+ 56. Kf1 Kf3 57. Kg1 Rh5 58. Re8 Rxh7
59. Rxe5 Ra7 60. Rb5 Ra1+ 61. Kh2 Kf2 62. Rb2+ Ke3 63. Rb3+ Kf2 64. Rb2+ Kf3
65. Rb3+ Kg4 66. Kg2 Ra2+ 67. Kf1 Ra1+ 68. Kf2 Ra2+ 69. Kf1 f3 70. Rb8 Kg3 71.
Rg8+ 1/2-1/2

[Event "Ontario-ch U20"]
[Site "Mississauga CAN"]
[Date "2018.01.27"]
[Round "1.5"]
[White "Ning, Eric"]
[Black "Hack, Justin"]
[Result "1-0"]
[WhiteElo "1973"]
[BlackElo "1813"]
[PlyCount "65"]
[EventDate "2018.01.27"]
[EventType "swiss"]
[EventRounds "5"]
[EventCountry "CAN"]

1. d4 Nf6 2. c4 e6 3. Nf3 b6 4. Nc3 Bb7 5. Bg5 d5 6. e3 Be7 7. cxd5 exd5 8. Bd3
O-O 9. Qc2 h6 10. Bh4 Nbd7 11. O-O c5 12. b3 Rc8 13. Rfd1 cxd4 14. Nxd4 Bb4 15.
Nde2 g5 16. Bg3 d4 17. exd4 Nd5 18. Bc4 Nxc3 19. Nxc3 Bxc3 20. Qxc3 b5 21. Qb4
bxc4 22. Qxb7 cxb3 23. axb3 Nf6 24. Qxa7 Ne4 25. Qa6 Nxg3 26. hxg3 Rb8 27. Qxh6
Rxb3 28. Ra2 Re8 29. Rc2 Re6 30. Qh5 Kg7 31. Rc5 f6 32. Rdc1 Qe8 33. Rc7+ 1-0

[Event "Ontario-ch U20"]
[Site "Mississauga CAN"]
[Date "2018.01.27"]
[Round "1.6"]
[White "Huang, Youhe"]
[Black "Hay, Jonathan"]
[Result "0-1"]
[WhiteElo "1754"]
[BlackElo "1944"]
[PlyCount "92"]
[EventDate "2018.01.27"]
[EventType "swiss"]
[EventRounds "5"]
[EventCountry "CAN"]

1. e4 c6 2. d4 d5 3. Nc3 dxe4 4. Nxe4 Bf5 5. Ng3 Bg6 6. h4 h6 7. Nf3 e6 8. Bd3
Bxd3 9. Qxd3 Nf6 10. Ne5 Nbd7 11. Bf4 Be7 12. Nxd7 Qxd7 13. O-O-O O-O 14. Nf1
Rfd8 15. Ne3 c5 16. Be5 cxd4 17. Bxd4 Rac8 18. Qb3 Qc6 19. Rh3 a5 20. a4 Nd5
21. Rg3 g6 22. Ng4 Bd6 23. Nxh6+ Kf8 24. Rf3 Bf4+ 25. Rxf4 Nxf4 26. Qa3+ Ke8
27. c3 Ne2+ 28. Kb1 Nxd4 29. Ng8 Qe4+ 30. Ka2 Qd5+ 31. b3 Qxb3+ 32. Qxb3 Nxb3
33. Rxd8+ Rxd8 34. Kxb3 Rd2 35. Nf6+ Ke7 36. Ne4 Re2 37. Nc5 b6 38. Nd3 Kd6 39.
Kc4 Kc6 40. g3 e5 41. f4 f6 42. fxe5 fxe5 43. g4 Re4+ 44. Kb3 Kd5 45. h5 Rxg4
46. Nf2 gxh5 0-1

[Event "Ontario-ch U20"]
[Site "Mississauga CAN"]
[Date "2018.01.17"]
[Round "2.2"]
[White "Hay, Jonathan"]
[Black "Li, William"]
[Result "1-0"]
[WhiteElo "1944"]
[BlackElo "2228"]
[PlyCount "83"]
[EventDate "2018.01.27"]
[EventType "swiss"]
[EventRounds "5"]
[EventCountry "CAN"]

1. d4 Nf6 2. Bf4 c5 3. e3 e6 4. c3 d5 5. Nd2 Nc6 6. Ngf3 Be7 7. Ne5 Nxe5 8.
dxe5 Nd7 9. h4 b6 10. Qg4 Kf8 11. h5 f5 12. Qh3 Bg5 13. g4 Bxf4 14. exf4 Nb8
15. gxf5 exf5 16. Bd3 Qd7 17. Nf3 Nc6 18. Nh4 Ne7 19. O-O-O Qe6 20. Rhg1 g6 21.
Rg3 Bd7 22. Rdg1 b5 23. Nf3 h6 24. Rxg6 Nxg6 25. Rxg6 Qe7 26. Bxf5 Rh7 27. Bxd7
Qxd7 28. e6 Qe8 29. Qf5+ Ke7 30. Qf6+ Kd6 31. e7+ Kc7 32. Qd6+ Kb7 33. Qxd5+
Kc7 34. Qxc5+ Kb7 35. Qd5+ Kc7 36. Nd4 Rxe7 37. Nxb5+ Kb8 38. Rg8 Re1+ 39. Kc2
Re2+ 40. Kd3 Re7 41. Qxa8+ Kxa8 42. Rxe8+ 1-0

[Event "Ontario-ch U20"]
[Site "Mississauga CAN"]
[Date "2018.01.27"]
[Round "2.4"]
[White "Papneja, Arul"]
[Black "Liao, Joseph"]
[Result "1-0"]
[WhiteElo "1920"]
[BlackElo "1888"]
[PlyCount "81"]
[EventDate "2018.01.27"]
[EventType "swiss"]
[EventRounds "5"]
[EventCountry "CAN"]

1. d4 Nf6 2. Nf3 e6 3. Bf4 d5 4. e3 c5 5. Nbd2 Nc6 6. c3 cxd4 7. exd4 Nh5 8.
Bg5 Qc7 9. Ne5 Nxe5 10. Qxh5 Ng6 11. Bd3 Bd6 12. Bxg6 fxg6 13. Qe2 O-O 14. Bh4
Bd7 15. Bg3 Rae8 16. Nf3 a6 17. Bxd6 Qxd6 18. Ne5 Bb5 19. Qc2 Rf5 20. O-O-O
Ref8 21. f3 Bd7 22. Rde1 Rc8 23. Re3 b5 24. Rhe1 Rf6 25. Qe2 b4 26. Nxd7 Qxd7
27. Rxe6 bxc3 28. b3 a5 29. Rxf6 gxf6 30. Qe6+ Qxe6 31. Rxe6 Kf7 32. Rd6 a4 33.
Rxd5 axb3 34. axb3 Re8 35. Rd7+ Kg8 36. Rc7 Re1+ 37. Kc2 Re2+ 38. Kxc3 Rxg2 39.
d5 Rg1 40. d6 Rd1 41. d7 1-0

[Event "Ontario-ch U20"]
[Site "Mississauga CAN"]
[Date "2018.01.27"]
[Round "2.5"]
[White "Washimkar, Arhant"]
[Black "Huang, Youhe"]
[Result "0-1"]
[WhiteElo "1899"]
[BlackElo "1754"]
[PlyCount "94"]
[EventDate "2018.01.27"]
[EventType "swiss"]
[EventRounds "5"]
[EventCountry "CAN"]

1. e4 c5 2. Nf3 d6 3. Bb5+ Bd7 4. Bxd7+ Qxd7 5. O-O Nc6 6. c3 g6 7. d4 cxd4 8.
cxd4 Bg7 9. Nc3 e6 10. Re1 Nge7 11. d5 Ne5 12. dxe6 Nxf3+ 13. Qxf3 fxe6 14. Bg5
Nc6 15. Rad1 Nd4 16. Qd3 O-O 17. Be3 e5 18. Bxd4 exd4 19. Nb5 Qf7 20. Qb3 Qxb3
21. axb3 Rac8 22. Nxd4 d5 23. Nb5 dxe4 24. Rd7 Bxb2 25. Rxb7 Rb8 26. Rxb8 Rxb8
27. Nxa7 Rxb3 28. g3 Rb4 29. Nc8 Rd4 30. Ne7+ Kf7 31. Nc6 Ra4 32. Rb1 Ra1 33.
Rxa1 Bxa1 34. Kf1 Ke6 35. Ke2 Kd5 36. Nb4+ Ke5 37. Nc2 Bb2 38. Ne3 Bc3 39. Ng4+
Kd5 40. Ke3 h5 41. Nh6 Bd4+ 42. Kf4 Bxf2 43. Nf7 Kd4 44. g4 h4 45. g5 Bg3+ 46.
hxg3 h3 47. Ne5 h2 0-1

[Event "Ontario-ch U20"]
[Site "Mississauga CAN"]
[Date "2018.01.27"]
[Round "3"]
[White "Hack, Justin"]
[Black "Papneja, Arul"]
[Result "0-1"]
[WhiteElo "1813"]
[BlackElo "1920"]
[PlyCount "76"]
[EventDate "2018.01.27"]
[EventType "swiss"]
[EventRounds "5"]
[EventCountry "CAN"]

1. d4 Nf6 2. c4 e6 3. Nf3 Bb4+ 4. Nbd2 O-O 5. a3 Be7 6. e4 d6 7. b4 c5 8. bxc5
dxc5 9. d5 exd5 10. cxd5 Re8 11. Bb5 Bd7 12. Bxd7 Nbxd7 13. O-O a6 14. Bb2 b5
15. Re1 Qc7 16. Nb3 Bd6 17. Qc2 c4 18. Nbd4 Nc5 19. Nf5 Ncxe4 20. Nxg7 Kxg7 21.
Rxe4 Rxe4 22. Bxf6+ Kxf6 23. Qxe4 Kg7 24. g3 Qe7 25. Qg4+ Kh8 26. Qd4+ f6 27.
Re1 Qg7 28. Re6 Bxa3 29. d6 Rd8 30. d7 Rxd7 31. Re8+ Bf8 32. Rxf8+ Qxf8 33.
Qxd7 h6 34. Nh4 Qg7 35. Qc8+ Kh7 36. Qxa6 Qg5 37. Qb7+ Kg8 38. Qxb5 Qxb5 0-1

[Event "Ontario-ch U20"]
[Site "Mississauga CAN"]
[Date "2018.01.27"]
[Round "3"]
[White "Li, William"]
[Black "Wang, Constance"]
[Result "1/2-1/2"]
[WhiteElo "2226"]
[BlackElo "2071"]
[PlyCount "67"]
[EventDate "2018.01.27"]
[EventType "swiss"]
[EventRounds "5"]
[EventCountry "CAN"]

1. e4 c5 2. Nf3 d6 3. Bb5+ Bd7 4. Bxd7+ Qxd7 5. c4 Nf6 6. Nc3 g6 7. d4 cxd4 8.
Nxd4 Bg7 9. f3 O-O 10. Be3 Rc8 11. b3 a6 12. Rc1 Nc6 13. Nxc6 Rxc6 14. a4 Qd8
15. O-O e6 16. f4 Nd7 17. f5 Qa5 18. fxe6 fxe6 19. Qg4 Re8 20. Ne2 Ne5 21. Qh3
Rc7 22. Kh1 Nc6 23. Bf4 Rd7 24. Rcd1 Qd8 25. Ng1 d5 26. cxd5 exd5 27. Nf3 d4
28. Rfe1 Be5 29. Nxe5 Nxe5 30. Qg3 Qe7 31. Bxe5 Qxe5 32. Qxe5 Rxe5 33. Rd3 Kf7
34. Kg1 1/2-1/2

[Event "Ontario-ch U20"]
[Site "Mississauga CAN"]
[Date "2018.01.27"]
[Round "3"]
[White "Liao, Joseph"]
[Black "Washimkar, Arhant"]
[Result "0-1"]
[WhiteElo "1888"]
[BlackElo "1899"]
[PlyCount "96"]
[EventDate "2018.01.27"]
[EventType "swiss"]
[EventRounds "5"]
[EventCountry "CAN"]

1. e4 c5 2. d4 cxd4 3. c3 Nf6 4. e5 Nd5 5. cxd4 Nc6 6. Nf3 d6 7. Bc4 Nb6 8. Bb5
Bd7 9. exd6 e6 10. Bf4 Nd5 11. Bg3 Qa5+ 12. Nc3 Nxc3 13. bxc3 Qxb5 14. Rb1 Qd5
15. Qc2 Na5 16. O-O Bxd6 17. Ne5 Bxe5 18. Bxe5 O-O 19. Rfe1 Rac8 20. Qd3 f6 21.
Bf4 Qc4 22. Qg3 Qxc3 23. Qxc3 Rxc3 24. Bd6 Rc2 25. Bxf8 Kxf8 26. a3 Kf7 27.
Rec1 Rxc1+ 28. Rxc1 Bc6 29. f3 Ke7 30. Kf2 Nb3 31. Rc4 Kd6 32. Rb4 Na5 33. Ke3
Kd5 34. Kd3 Nc4 35. Rb3 a5 36. a4 b6 37. Rb1 Bxa4 38. Kc3 b5 39. Rc1 b4+ 40.
Kd3 Bb5 41. Kc2 a4 42. Rd1 a3 43. Re1 Ba4+ 44. Kb1 b3 45. Ka1 Kxd4 46. Rd1+ Kc3
47. Rc1+ Kb4 48. Re1 b2+ 0-1

[Event "Ontario-ch U20"]
[Site "Mississauga CAN"]
[Date "2018.01.27"]
[Round "3"]
[White "Ning, Eric"]
[Black "Huang, Youhe"]
[Result "1-0"]
[WhiteElo "1973"]
[BlackElo "1754"]
[PlyCount "111"]
[EventDate "2018.01.27"]
[EventType "swiss"]
[EventRounds "5"]
[EventCountry "CAN"]

1. d4 Nf6 2. c4 g6 3. Nc3 Bg7 4. e4 d6 5. Nf3 O-O 6. Be2 e5 7. d5 Nbd7 8. Bg5
h6 9. Bh4 g5 10. Bg3 Nh5 11. Nd2 Nf4 12. O-O a5 13. a3 Qf6 14. Re1 Qg6 15. Nf1
Nc5 16. Qc2 h5 17. f3 h4 18. Bf2 f5 19. b4 axb4 20. axb4 Rxa1 21. Rxa1 Na6 22.
Rb1 Bf6 23. Ne3 Nxe2+ 24. Qxe2 f4 25. Ng4 Bxg4 26. fxg4 Be7 27. h3 Nb8 28. c5
Qf7 29. Qf3 c6 30. Rd1 Qf6 31. dxc6 bxc6 32. Qd3 Rd8 33. Qc4+ Qf7 34. Qe2 Qb3
35. Na2 d5 36. exd5 cxd5 37. Nc1 Qa4 38. b5 e4 39. Bd4 Nd7 40. c6 Bc5 41. Bxc5
Nxc5 42. c7 Rc8 43. Rxd5 Ne6 44. b6 Qc6 45. Qxe4 Qxb6+ 46. Kh2 Rxc7 47. Qg6+
Rg7 48. Qf6 Qe3 49. Re5 Qg3+ 50. Kh1 f3 51. Qxe6+ Kh7 52. Qf5+ Kh8 53. Re8+ Rg8
54. Qf6+ Kh7 55. Re7+ Rg7 56. Qxg7# 1-0